LEADER 01177nam0 22002771i 450 001 UON00128676 005 20231205102747.99 100 $a20020107d1956 |0itac50 ba 101 $aeng 102 $aGB 105 $a|||| 1|||| 200 1 $aDocuments in Mycenaean Greek$eThree Hundred selected Tablets from Knossos, Pylos and Mycenae with Commentary and vocabulary$fby Michael Ventris and John Chadwich 210 $aCambridge$cCambridge University Press$d1956 215 $a456 p., 1 c. di tav.$d26 cm 606 $aLINGUA GRECO-MICENEA$xTesti$3UONC030691$2FI 620 $dCambridge$3UONL000022 676 $a487$cGreco arcaico, Greco-miceneo$v21 700 1$aVENTRIS$bMichael$3UONV079203$0157232 701 1$aCHADWICK$bJohn$3UONV058520$0187084 712 $aCambridge University Press$3UONV245943$4650 801 $aIT$bSOL$c20250620$gRICA 899 $aSIBA - SISTEMA BIBLIOTECARIO DI ATENEO$2UONSI 912 $aUON00128676 950 $aSIBA - SISTEMA BIBLIOTECARIO DI ATENEO$dSI GLOTT B 10.1 V 001 $eSI MR 58263 7 001 996 $aDocuments in Mycenaean Greek$9807399 997 $aUNIOR